Statistiques concernant Petit Bac - Vêtements

Cliquez ici pour prendre le quiz!

Statistiques générales

  • Ce quiz a été pris 1 750 fois
  • Le résultat moyen est 12 sur 19

Statistiques - réponses

LettresVêtement% Correct
CCache-coeur | Cache-nez | Caftan | Cagoule | Caleçon | Camisole | Cape | Cardigan | Casquette | Châle | Chandail | Chapeau | Chasuble | Chaussette | Chaussure | Chèche | Chemise | Ciré | Combi | Corset | Costard | Costume | Coupe-vent | Crop Top | Culotte | Cycliste
99%
PPagne | Pantacourt | Pantalon | Pantoufle | Paréo | Parka | Pardessus | Passe-montagne | Peignoir | Perfecto | Polo | Poncho | Porte-jarretelle | Pourpoint | Pull | Pyjama
95%
BBabouche | Ballerine | Baggy | Bas | Basket | Béret |Bermuda |Bikini | Blazer | Bleu de travail | Blouse | Blouson | Boa | Body | Boléro | Bomber | Bonnet |Botte | Bottine | Boxer | Brassier | Burkini | Burqa | Bustier
94%
JJabot | Jaquette | Jarretière | Jean | Jogging | Jupe | Jupon | Justaucorps
91%
SSabot | Saharienne | Salopette | Sandale | Sari | Short | Slip | Smoking | Sneaker | Socquette | Sombréro | Sous-pull | Soutien gorge | String | Survêtement | String
90%
MMaillot | Manteau | Marinière | Mini-jupe | Mitaine | Mocassin | Monokini | Moufle | Mule
81%
TTshirt | Tablier | Tailleur | Talonnette | Toge | Tour de cou | Treillis | Trench | Tricorne | Tricot | Tunique | Tutu | Tuxedo | Tweed
80%
VVareuse | Veste | Veston | Voile
78%
GGaine | Gant | Gigoteuse | Gilet | Gourgandine | Grenouillère | Guêpière | Guêtre
74%
EÉcharpe | Escarpin | Étole
73%
RRedingote | Robe
71%
DDébardeur | Dhoti | Djellaba | Doudoune | Dos Nu | Duffle Coat | Durag
55%
FFeutre | Foulard | Fourrure | Fraise | Fuseau
46%
KKépi | Kilt | Kimono | Kippa
38%
AAnorak
36%
NNégligé | Noeud Papillon | Nuisette | Nu-pied
32%
LLegging | Lingerie | Liquette
31%
HHanbok | Harde | Haut de forme | Heaume | Hijab | Hoodie | Houppelande
22%
IImper
21%

Distribution des résultats

Percentile par nombre de réponses

% des personnes avec chaque résultat

Votre développement - résultats

Vous n’avez pas pris ce quiz